Wheels out of blance (Record no. 543117)

000 -LEADER
fixed length control field 00287nam a22001217a 4500
082 ## - DEWEY DECIMAL CLASSIFICATION NUMBER
Classification number 388.09439
Author Mark HOO
-- D
100 ## - MAIN ENTRY--PERSONAL NAME
Personal name Hook Walter
9 (RLIN) 38505
245 ## - TITLE STATEMENT
Title Wheels out of blance
260 ## - PUBLICATION, DISTRIBUTION, ETC.
Place of publication, distribution, etc. New York
300 ## - PHYSICAL DESCRIPTION
Extent vi, 93p.:
526 ## - STUDY PROGRAM INFORMATION NOTE
Program name 0
Interest level 0
Reading level 0
Title point value 388_094390000000000_HOO
942 ## - ADDED ENTRY ELEMENTS (KOHA)
Source of classification or shelving scheme
Koha item type Book
Holdings
Withdrawn status Lost status Source of classification or shelving scheme Damaged status Not for loan Permanent Location Current Location Date acquired Total Checkouts Full call number Barcode Date last seen Price effective from Koha item type
          Military College of Engineering (MCE) Military College of Engineering (MCE) 03/06/2014   388.09439 HOO MCE-41945 03/06/2014 03/06/2014 Book
© 2023 Central Library, National University of Sciences and Technology. All Rights Reserved.